| 000 | 00465nam a2200181Ia 4500 | ||
|---|---|---|---|
| 003 | GCL | ||
| 008 | 140319s9999 xx 000 0 eng d | ||
| 040 |
_aGCL / _cGCL |
||
| 082 | 0 | 4 |
_a302.23 _bA R |
| 100 | 1 | _aAL-QADI, SALAH | |
| 245 | 1 | 0 |
_aReference to Microfilm / _cAL-QADI, SALAH |
| 260 |
_a[S.N] : _bANGLO EGYPTIAN BOOK SHOP ، _c1976 |
||
| 300 | _a1662 | ||
| 650 | 0 | 4 | _aTECHNOLOGY |
| 650 | 0 | 4 | _aMICROFILMS |
| 650 | 0 | 4 | _aTECHNICAL EQUIPMENT |
| 942 |
_2ddc _cBK |
||
| 999 |
_c17330 _d17330 |
||